000 00699nam a2200229Ia 4500
003 GCL
008 140319s9999 xx 000 0 ara d
040 _aGCL /
_cGCL
082 0 4 _a907.2
_bب م
100 1 _aالياس مرقص
245 1 0 _aالمادية التاريخية وتاريخ الحضارات /
_cالياس مرقص
700 1 _aغويلو، جان جاك
700 1 _aبلتيه، انطوان
260 _a[S.N] :
_bدار الحقيقة للطباعة والنشر ،
_c1980
300 _a187 ص
490 _a
650 0 4 _aالحضارة
650 0 4 _aالتاريخ
650 0 4 _aالمؤرخون
650 0 4 _aالحضارة الاوربية
942 _2ddc
_cBK
999 _c35223
_d35223